00883nam a2200241 u 4500001001000000003000900010005001700019008003500036020001800071040002500089082002800114100002900142245012500171260004500296300002100341500007000362500007300432504003200505600003400537650002800571700002600599700001600625000020413DO-SdBPM20241025122233.0100813s2015 dr a 000 0 spa d a9789945893427 aDO-SdBPMbspacBPMSU 4a199.7293bO12f 20152221 aObjío, Orlando,d1954-13aLa filosofía política de Andrés Avelino :bfilosofía y dictadura /cOrlando Objío ; edición Bergson Rosario. aSanto Domingo :bEditora Búho, c2015. a217 p. ;c22 cm. aIncluye datos biográficos del autor en la solapa de la cubierta aIncluye referencias bibliográficas y notas al pie de las páginas aBibliografía : p. 205-21714aAvelino, Andrés,d1900-1974 4aFilósofos dominicanos1 aRosario, Bergsoneed.z aB. Rosario